000 006190000a22001810004500
090 _aAR
_b01496
245 1 0 _aSynopsis of the cave beetles of the genus Pseudanophthalmus of the mitchell plain in sothern Indiana (<Coleoptera, Carabidae>)
650 1 4 _aEspeleología
_94156
650 1 4 _aCavernas
_993465
650 1 4 _aEscarabajos
_992342
650 1 4 _aTaxonomía animal
_98245
651 4 _dIndiana
_pEstados Unidos
_992749
653 _fCarabidae
_gPseudanophthalamus
041 0 _aInglés
100 1 _aBarr, Thomas C.
_911927
942 _cARTICULO
773 1 _tAmerican Midland Naturalist
_3176
_h2
_q307-320
_d1960
_g63
999 _c10579
_d10579